000 00420nam a2200157Ia 4500
008 151213s9999 xx 000 0 und d
100 _aVirginia Erench Allen
245 _aSelections From Washington Irvin
_cVirginia Erench Allen
250 _a1st
260 _aNew York
_bBallanrtiry Books
_c1961
300 _a4545 p.
650 _aEnglish
650 _aLiterature
700 _aVirginia Erench Allen
999 _c2919
_d2919